000 00799nam a2200229Ii 4500
003 JO-AjNU
008 230605s9999||||xx |||||||||||||| ||und||
017 _a2007/2/419
020 _a9957-16-346-7
040 _aJO-AjNU
_bara
_erda
_cJO-AjNU
041 _aara
050 1 4 _aK7340.K56.2009
100 3 _a الكيلاني، محمود ,
_eauthor
_946046
245 0 0 _aالموسوعة التجارية والمصرفية : عمليات البنوك " دراسة مقارنة "، المجلد الرابع
250 _aط1
264 3 1 _aعمان : دار الثقافة ، 2009
300 _aمج4، 448ص
336 _atext
_btxt
_2rdacontent
337 _aunmediated
_bn
_2rdamedia
338 _avolume
_bnc
_2rdacarrier
650 4 _aالقانون التجاري -- البنوك
_946047
999 _aA20004
_c23572
_d23572